000 00227nam a22000977a 4500
999 _c262397
_d262396
020 _a0439434335
100 _aMichael Teitelbaum
245 _aIf I Could Drive An Ambulance
260 _aNew York
_bScholastic
_c2003
942 _cBK